Vista normal Vista MARC

Entrada Materia (personas)

Número de registros utilizados en: 3

001 - CONTROL NUMBER

  • control field: 142858

003 - CONTROL NUMBER IDENTIFIER

  • control field: Co-BoUCM

005 - DATE AND TIME OF LATEST TRANSACTION

  • control field: 20211022082314.0

008 - FIXED-LENGTH DATA ELEMENTS

  • fixed length control field: 211022|| aca||aabn | a|a d

040 ## - CATALOGING SOURCE

  • Original cataloging agency: Co-BoUCM
  • Transcribing agency: Co-BoUCM

100 ## - HEADING--PERSONAL NAME

  • Personal name: Morris, Eddie

670 ## - SOURCE DATA FOUND

  • Source citation: Work cat.: (Co-BoUCM)73050: Morris, Eddie, Comercialización de combustibles modelo de solución tecnológica, 2010